[Event "Schachfestival Basel"]
[Site "Basel"]
[Date "2018.01.06"]
[Round "8.24"]
[White "Wirz, Heinz"]
[Black "Zennaf, Karim"]
[Result "1-0"]
[WhiteElo "2103"]
[BlackElo "2013"]
[PlyCount "101"]
[EventDate "2018.01.??"]
[EventType "swiss"]
[EventRounds "9"]
[EventCountry "SUI"]
[SourceDate "2018.01.02"]

1. d4 d5 2. c4 e6 3. Nc3 Nf6 4. Bg5 Nbd7 5. e3 Be7 6. Nf3 h6 7. Bh4 O-O 8. Bd3
c5 9. O-O b6 10. Qe2 Bb7 11. Rfd1 Ne4 12. Bxe7 Qxe7 13. Rac1 cxd4 14. exd4 Nxc3
15. Rxc3 Rac8 16. Rdc1 Nf6 17. Ne5 dxc4 18. Bxc4 Qd6 19. Rd1 Nd5 20. Rg3 f6 21.
Qg4 Rc7 22. Bxd5 Bxd5 23. Ng6 Rfc8 24. Nf4 Bxa2 25. b3 f5 26. Qf3 Rc3 27. Qb7
Qxd4 28. Re1 Rc1 29. Nd3 Rxe1+ 30. Nxe1 Rc1 31. Re3 Qd2 32. Qb8+ Kh7 33. Qe5
Bxb3 34. h3 Qd5 35. Qb2 Rd1 36. Kh2 Ba4 37. Rg3 Qd4 38. Qe2 e5 39. Qh5 Qd7 40.
Nf3 Rd5 41. Qg6+ Kh8 42. Nh4 Bc2 43. Rc3 Rc5 44. Rxc5 bxc5 45. g4 c4 46. gxf5
c3 47. Qg3 Bxf5 48. Qxc3 e4 49. Qe5 Bxh3 50. Ng6+ Kg8 51. Qb8+ 1-0

[Event "Schachfestival Basel"]
[Site "Basel"]
[Date "2018.01.07"]
[Round "9.2"]
[White "Milov, Vadim"]
[Black "Karthik, Venkataraman"]
[Result "1-0"]
[WhiteElo "2589"]
[BlackElo "2476"]
[PlyCount "101"]
[EventDate "2018.01.??"]
[EventType "swiss"]
[EventRounds "9"]
[EventCountry "SUI"]
[SourceDate "2018.01.02"]

1. d4 Nf6 2. c4 e6 3. Nf3 d5 4. Nc3 Bb4 5. Bg5 h6 6. Bxf6 Qxf6 7. e3 O-O 8. Rc1
c6 9. Bd3 Nd7 10. O-O Bxc3 11. Rxc3 dxc4 12. Rxc4 e5 13. Bb1 Re8 14. a3 e4 15.
Nd2 Nb6 16. Rc5 Bf5 17. Qb3 Nd7 18. Rc3 Qg6 19. Qxb7 Bh3 20. g3 Rab8 21. Qxa7
Rxb2 22. Rc2 Rxc2 23. Bxc2 Qh5 24. Re1 Qd5 25. Qa4 Nf6 26. Rc1 Qf5 27. Qc4 h5
28. Qc5 Qg6 29. Qd6 Re6 30. Qb8+ Re8 31. Qd6 Re6 32. Qf4 Nd5 33. Qh4 Bf5 34.
Bd1 Bg4 35. Bxg4 hxg4 36. Rb1 Re8 37. h3 Nf6 38. Nc4 gxh3 39. Ne5 Qf5 40. g4
Qe6 41. Rc1 Rc8 42. Rc5 Nd5 43. Qxh3 f6 44. Ng6 Ra8 45. Qh8+ Kf7 46. Qh5 Kg8
47. Rc1 Rxa3 48. Rb1 Ra8 49. Qh8+ Kf7 50. Rb7+ Ne7 51. Qh5 1-0

[Event "Schachfestival Basel"]
[Site "Basel"]
[Date "2018.01.07"]
[Round "9.3"]
[White "Hamblok, Roel"]
[Black "Heimann, Andreas"]
[Result "0-1"]
[WhiteElo "2292"]
[BlackElo "2576"]
[PlyCount "112"]
[EventDate "2018.01.??"]
[EventType "swiss"]
[EventRounds "9"]
[EventCountry "SUI"]
[SourceDate "2018.01.02"]

1. d4 d5 2. Bf4 c5 3. e3 Nc6 4. c3 Nf6 5. Nd2 Bf5 6. Ngf3 Qb6 7. Nh4 Bg4 8. Qb3
e6 9. h3 Bh5 10. Qxb6 axb6 11. Bc7 Nd7 12. g4 Be7 13. Ndf3 Bg6 14. Nxg6 hxg6
15. Bb5 Bd8 16. Bd6 Be7 17. Bc7 Bd8 18. Bd6 Rc8 19. O-O-O Bc7 20. Bxc7 Rxc7 21.
Kb1 Ke7 22. h4 Nf6 23. Rdg1 Kd6 24. Rh2 Re7 25. Bxc6 bxc6 26. Ne5 cxd4 27. exd4
c5 28. f3 Nd7 29. Re1 Nxe5 30. dxe5+ Kc6 31. Reh1 Ra7 32. b3 b5 33. h5 gxh5 34.
Rxh5 Rha8 35. R1h2 c4 36. bxc4 bxc4 37. Rh7 g6 38. Rb2 d4 39. cxd4 Kd5 40. Rh1
Kxd4 41. Re2 Ra3 42. Re4+ Kd5 43. Rd1+ Rd3 44. Rc1 Rb8+ 45. Ka1 c3 46. Rf4 Rb7
47. a4 Rd4 48. Rxd4+ Kxd4 49. Rb1 c2 50. Rxb7 c1=Q+ 51. Ka2 Qc2+ 52. Ka3 Qc5+
53. Kb2 Qc3+ 54. Ka2 Qxf3 55. Rb3 Qe2+ 56. Ka3 Qxe5 0-1

[Event "Schachfestival Basel"]
[Site "Basel"]
[Date "2018.01.07"]
[Round "9.4"]
[White "Firat, Burak"]
[Black "Faibisovich, Vadim Z"]
[Result "1-0"]
[WhiteElo "2453"]
[BlackElo "2325"]
[PlyCount "77"]
[EventDate "2018.01.??"]
[EventType "swiss"]
[EventRounds "9"]
[EventCountry "SUI"]
[SourceDate "2018.01.02"]

1. d4 Nf6 2. c4 e6 3. Nc3 d5 4. cxd5 exd5 5. Bg5 c6 6. e3 Bf5 7. Qf3 Bg6 8.
Bxf6 Qxf6 9. Qxf6 gxf6 10. Nf3 Nd7 11. Nh4 Bb4 12. Rc1 Nb6 13. Kd1 Bxc3 14.
bxc3 O-O-O 15. Kd2 Kb8 16. f3 Rhe8 17. Be2 Re7 18. Rhe1 c5 19. g4 cxd4 20. cxd4
Rc8 21. Rxc8+ Kxc8 22. Rc1+ Rc7 23. Ng2 Rxc1 24. Kxc1 Kd7 25. Nf4 Kd6 26. Kb2
Na8 27. h4 h6 28. Kc3 Nc7 29. Bd3 Bxd3 30. Kxd3 b5 31. Nh5 Ne8 32. Ng3 Ng7 33.
h5 Ke7 34. f4 Kf8 35. e4 dxe4+ 36. Kxe4 b4 37. d5 a5 38. Kd4 Ke7 39. Kc5 1-0

[Event "Schachfestival Basel"]
[Site "Basel"]
[Date "2018.01.07"]
[Round "9.5"]
[White "Akshat, Kamparia"]
[Black "Beukema, Stefan"]
[Result "1-0"]
[WhiteElo "2381"]
[BlackElo "2403"]
[PlyCount "67"]
[EventDate "2018.01.??"]
[EventType "swiss"]
[EventRounds "9"]
[EventCountry "SUI"]
[SourceDate "2018.01.02"]

1. d4 f5 2. Bg5 h6 3. Bd2 d6 4. e4 g6 5. exf5 Bxf5 6. g4 Be6 7. Bd3 Bf7 8. Nf3
e6 9. c4 Bg7 10. Bc3 Nd7 11. Nbd2 Ne7 12. Qc2 Nf6 13. h3 Qd7 14. O-O-O O-O-O
15. Kb1 Rdf8 16. Rde1 Rhg8 17. Re3 g5 18. Rhe1 Re8 19. Nb3 Bh8 20. Nc5 Qc6 21.
Nxe6 Bxe6 22. Rxe6 Qxf3 23. Rxe7 Qxh3 24. Rxe8+ Rxe8 25. Rxe8+ Nxe8 26. Qe2 Kd8
27. Bg6 Nf6 28. d5 c6 29. dxc6 Qh1+ 30. Kc2 Qxc6 31. Qe6 Qf3 32. Qxd6+ Nd7 33.
Bf5 Qxf2+ 34. Kb3 1-0

[Event "Schachfestival Basel"]
[Site "Basel"]
[Date "2018.01.07"]
[Round "9.6"]
[White "Harff, Marcel"]
[Black "Roseneck, Jonas"]
[Result "1-0"]
[WhiteElo "2375"]
[BlackElo "2279"]
[PlyCount "49"]
[EventDate "2018.01.??"]
[EventType "swiss"]
[EventRounds "9"]
[EventCountry "SUI"]
[SourceDate "2018.01.02"]

1. Nf3 d5 2. d4 Nf6 3. c4 e6 4. Nc3 Bb4 5. e3 O-O 6. Bd2 b6 7. a3 Bxc3 8. Bxc3
Ne4 9. Bd3 Nxc3 10. bxc3 c6 11. O-O Ba6 12. cxd5 Bxd3 13. Qxd3 cxd5 14. Rfc1
Nc6 15. c4 dxc4 16. Rxc4 Na5 17. Rc3 Qd7 18. Ne5 Qb7 19. Rac1 Rfc8 20. h3 h6
21. Qc2 Rxc3 22. Qxc3 Re8 23. Qc7 Re7 24. Qd8+ Kh7 25. Rc8 1-0

[Event "Schachfestival Basel"]
[Site "Basel"]
[Date "2018.01.07"]
[Round "9.7"]
[White "Maerevoet, Sim"]
[Black "Woellermann, Jan"]
[Result "1-0"]
[WhiteElo "2270"]
[BlackElo "2392"]
[PlyCount "111"]
[EventDate "2018.01.??"]
[EventType "swiss"]
[EventRounds "9"]
[EventCountry "SUI"]
[SourceDate "2018.01.02"]

1. d4 Nf6 2. c4 e6 3. Nf3 d5 4. Nc3 Bb4 5. cxd5 exd5 6. Bg5 Nbd7 7. e3 c5 8.
Be2 Qa5 9. O-O Bxc3 10. bxc3 c4 11. Bxf6 Nxf6 12. Qc2 O-O 13. Nd2 Re8 14. Rfe1
Bd7 15. Bf1 Ba4 16. Qb2 Qc7 17. f3 Bc6 18. Qc2 b5 19. e4 Qf4 20. g3 Qh6 21. e5
Nd7 22. f4 Nb6 23. Bg2 Bd7 24. Nf1 Qg6 25. Qf2 Bf5 26. Ne3 Rad8 27. h3 a5 28.
a3 f6 29. g4 Bd3 30. f5 Qf7 31. e6 Qc7 32. Bf3 Qd6 33. Qg2 Re7 34. h4 g6 35.
Qh2 Qxh2+ 36. Kxh2 Kf8 37. h5 g5 38. Ra2 Ra7 39. Rb2 b4 40. cxb4 a4 41. Nd1 Ke7
42. Nc3 h6 43. Kg3 Rc7 44. Kf2 Ra7 45. Ke3 Rc7 46. Kd2 Ra7 47. Rc1 Rc7 48. b5
Ra7 49. Rb4 Ra5 50. Re1 Ra7 51. Bd1 Rda8 52. Na2 Rc8 53. Kc3 Rca8 54. Rb2 Rc8
55. Nb4 Kd6 56. Bf3 1-0

[Event "Schachfestival Basel"]
[Site "Basel"]
[Date "2018.01.07"]
[Round "9.8"]
[White "Beukema, Jasper"]
[Black "Kerigan, Demre"]
[Result "0-1"]
[WhiteElo "2249"]
[BlackElo "2340"]
[PlyCount "102"]
[EventDate "2018.01.??"]
[EventType "swiss"]
[EventRounds "9"]
[EventCountry "SUI"]
[SourceDate "2018.01.02"]

1. d4 Nf6 2. Bf4 c5 3. e3 cxd4 4. exd4 d5 5. Bd3 Nc6 6. c3 Bg4 7. Qb3 Qc8 8.
Nd2 e6 9. Ngf3 Be7 10. Ne5 Nxe5 11. Bxe5 O-O 12. Qc2 Kh8 13. f3 Bh5 14. g4 Bg6
15. Bxg6 fxg6 16. h4 Nd7 17. Bg3 Qc6 18. g5 Bd6 19. Bxd6 Qxd6 20. O-O-O Qf4 21.
h5 Qxg5 22. hxg6 h6 23. Rdg1 Qf5 24. Rxh6+ gxh6 25. g7+ Kh7 26. gxf8=N+ Rxf8
27. Qa4 e5 28. Qxa7 exd4 29. Qxd4 Ne5 30. Kd1 Ng6 31. b3 Rf7 32. a4 h5 33. a5
Re7 34. Qc5 Qe5 35. Qb6 Nf4 36. Qd8 Qf6 37. Qg8+ Kh6 38. Qc8 Ne2 39. Rg8 Kh7
40. Rf8 Qxc3 41. Qf5+ Kg7 42. Rc8 Qa1+ 43. Nb1 Qd4+ 44. Kc2 Qf4 45. Qxf4 Nxf4
46. Nd2 h4 47. Kd1 Ng2 48. Rc1 Re1+ 49. Kc2 Ne3+ 50. Kb2 Rxc1 51. Kxc1 h3 0-1

[Event "Schachfestival Basel"]
[Site "Basel"]
[Date "2018.01.07"]
[Round "9.9"]
[White "Schweizer, Simon"]
[Black "Paul, Johannes"]
[Result "1-0"]
[WhiteElo "2159"]
[BlackElo "2331"]
[PlyCount "115"]
[EventDate "2018.01.??"]
[EventType "swiss"]
[EventRounds "9"]
[EventCountry "SUI"]
[SourceDate "2018.01.02"]

1. Nf3 Nf6 2. c4 g6 3. g3 Bg7 4. Bg2 O-O 5. O-O d6 6. d4 Nc6 7. Nc3 Bf5 8. Ne1
Qd7 9. e4 Bh3 10. Nc2 Bxg2 11. Kxg2 e5 12. d5 Ne7 13. f3 Nh5 14. Be3 f5 15. Qd2
f4 16. Bg1 Bh6 17. g4 Nf6 18. h3 Bg5 19. Kf2 h5 20. Ke1 hxg4 21. hxg4 c6 22.
Qe2 cxd5 23. cxd5 a6 24. a4 Rac8 25. Bb6 Kg7 26. Kd1 Rh8 27. Ne1 Bh4 28. Nd3
Bg3 29. Bg1 g5 30. Ra3 Ng6 31. Rb3 Rh1 32. Rb6 Nh4 33. a5 Rc7 34. Kc2 Ne8 35.
Kb3 Nf6 36. Nd1 Rh3 37. Nc3 Rh1 38. Ka3 Rh3 39. Nb4 Kf7 40. Kb3 Qe7 41. Nd3 Qd7
42. Nb1 Ke7 43. Nxe5 dxe5 44. d6+ Qxd6 45. Rxd6 Kxd6 46. Nc3 Rc6 47. Rd1+ Ke6
48. Na4 Kf7 49. Nc3 Kg6 50. Nd5 Be1 51. Ne7+ Kg7 52. Nxc6 bxc6 53. Qxa6 Nxf3
54. Ka2 Kg6 55. Qxc6 Rh7 56. Bb6 Bd2 57. a6 Be3 58. a7 1-0

[Event "Schachfestival Basel"]
[Site "Basel"]
[Date "2018.01.07"]
[Round "9.10"]
[White "Meier, Volker"]
[Black "Xheladini, Mahmut"]
[Result "0-1"]
[WhiteElo "2284"]
[BlackElo "2174"]
[PlyCount "96"]
[EventDate "2018.01.??"]
[EventType "swiss"]
[EventRounds "9"]
[EventCountry "SUI"]
[SourceDate "2018.01.02"]

1. c4 e5 2. Nc3 d6 3. g3 c6 4. Bg2 f5 5. d4 Qa5 6. e3 Nf6 7. Nge2 Be7 8. O-O e4
9. d5 Nbd7 10. dxc6 bxc6 11. f3 exf3 12. Bxf3 Ne5 13. Bg2 Bd7 14. Nd4 g6 15. e4
fxe4 16. Nxe4 Nxe4 17. Bxe4 Qc5 18. Kh1 Bg4 19. Qd2 Qxc4 20. Bg2 O-O-O 21. b3
Qa6 22. Bb2 c5 23. Nc2 Rhf8 24. Qd5 Rxf1+ 25. Bxf1 Qc6 26. Qxc6+ Nxc6 27. Bg2
Bd7 28. Ne3 Rf8 29. Kg1 Nb4 30. Bc3 Na6 31. Rd1 Nc7 32. a4 Be6 33. b4 Bb3 34.
Rb1 Bxa4 35. bxc5 dxc5 36. Ra1 Bg5 37. Nd5 Nxd5 38. Bxd5 Be3+ 39. Kh1 Bb5 40.
Rxa7 Rd8 41. Bf3 Rd1+ 42. Kg2 Bf1+ 43. Kh1 Be2+ 44. Kg2 Rg1+ 45. Kh3 Bxf3 46.
Rxh7 Bd4 47. Bxd4 cxd4 48. Kh4 d3 0-1

[Event "Schachfestival Basel"]
[Site "Basel"]
[Date "2018.01.07"]
[Round "9.11"]
[White "Kappeler, Kaspar"]
[Black "Sadeghi, Hassan Roger"]
[Result "1/2-1/2"]
[WhiteElo "2280"]
[BlackElo "2089"]
[PlyCount "129"]
[EventDate "2018.01.??"]
[EventType "swiss"]
[EventRounds "9"]
[EventCountry "SUI"]
[SourceDate "2018.01.02"]

1. d4 Nf6 2. c4 c5 3. d5 e5 4. Nc3 d6 5. e4 Be7 6. Nf3 Nbd7 7. g3 a6 8. a4 Nf8
9. Bg2 Ng6 10. O-O h5 11. h4 b6 12. Ne1 Bd7 13. Nc2 Qc8 14. Qe2 Ra7 15. f3 O-O
16. Kh2 Rd8 17. Bd2 Qc7 18. Rfc1 Rb8 19. Bf1 Rab7 20. b4 Qc8 21. Rab1 Qe8 22.
Bh3 Bxh3 23. Kxh3 Qd7+ 24. Kg2 Ne8 25. b5 a5 26. Rh1 Nf8 27. Rbg1 g6 28. g4 Ng7
29. Kf1 Nh7 30. Bh6 Nf6 31. Ke1 Kh7 32. Bd2 Rh8 33. Kd1 Kg8 34. Ne3 Kf8 35. Kc2
Ke8 36. Qg2 Kd8 37. Ncd1 Kc7 38. Nf2 Qe8 39. Bc3 hxg4 40. fxg4 Nd7 41. Qg3 Qd8
42. Ng2 Rb8 43. Nd3 Kb7 44. Rh2 Rh7 45. Rf1 Nf6 46. Qf3 Qd7 47. Ne3 Rbh8 48.
Be1 Nfe8 49. Rfh1 Bg5 50. Nf1 Bd8 51. Ne3 Bg5 52. Nf1 Bd8 53. h5 Bg5 54. Bd2
Bxd2 55. Kxd2 gxh5 56. gxh5 Rh6 57. Ng3 Nf6 58. Nf2 Qe8 59. Ng4 Nxg4 60. Qxg4
R8h7 61. Rf2 Qe7 62. Qh4 f6 63. Qg4 Kc7 64. Rhf1 Qf7 65. Kc1 1/2-1/2

[Event "Schachfestival Basel"]
[Site "Basel"]
[Date "2018.01.07"]
[Round "9.12"]
[White "Lee, Qing Aun"]
[Black "Wenner, Tobias"]
[Result "1-0"]
[WhiteElo "2277"]
[BlackElo "2145"]
[PlyCount "85"]
[EventDate "2018.01.??"]
[EventType "swiss"]
[EventRounds "9"]
[EventCountry "SUI"]
[SourceDate "2018.01.02"]

1. e4 g6 2. d4 Bg7 3. Nc3 d6 4. Bg5 h6 5. Be3 Nd7 6. Qd2 e6 7. g3 b6 8. Bg2 Bb7
9. Nge2 Ne7 10. O-O d5 11. h3 Kf8 12. Rad1 Kg8 13. f4 f5 14. exf5 exf5 15. Nc1
Nf6 16. Nd3 Kh7 17. Ne5 Re8 18. g4 Ne4 19. Nxe4 dxe4 20. c4 Nc6 21. b4 Qe7 22.
Nxc6 Bxc6 23. d5 Ba4 24. Rb1 Bd7 25. gxf5 Bxf5 26. Rfd1 Qd7 27. Kh2 a5 28. d6
axb4 29. Rxb4 Ra3 30. Rb3 Rea8 31. dxc7 Qxc7 32. Bxb6 Qxc4 33. Rc1 Qe6 34. Qe3
Rxa2 35. Rc7 Rc8 36. Rbc3 Rxc7 37. Rxc7 Qd6 38. Qc3 Qxf4+ 39. Kh1 Ra1+ 40. Bg1
Qxc7 41. Qxc7 e3 42. Qe7 Re1 43. Kh2 1-0

[Event "Schachfestival Basel"]
[Site "Basel"]
[Date "2018.01.07"]
[Round "9.13"]
[White "Parnali, S Dharia"]
[Black "Heinemann, Josefine"]
[Result "1/2-1/2"]
[WhiteElo "2082"]
[BlackElo "2270"]
[PlyCount "79"]
[EventDate "2018.01.??"]
[EventType "swiss"]
[EventRounds "9"]
[EventCountry "SUI"]
[SourceDate "2018.01.02"]

1. d4 Nf6 2. c4 e6 3. g3 c5 4. d5 exd5 5. cxd5 d6 6. Bg2 g6 7. Nf3 Bg7 8. O-O
O-O 9. Nc3 Re8 10. h3 Ne4 11. Bd2 Nxd2 12. Qxd2 Nd7 13. Rae1 a6 14. e4 b5 15.
Qc2 b4 16. Nd1 a5 17. Nd2 Ba6 18. Nc4 Nb6 19. b3 a4 20. Nde3 axb3 21. axb3 Bb5
22. f4 Bd4 23. Kh2 Re7 24. e5 Rea7 25. Qe4 Ra3 26. Nxd6 Bxf1 27. Rxf1 Rxb3 28.
Nc2 Bb2 29. Nb7 Qf8 30. d6 Rc3 31. f5 gxf5 32. Rxf5 Qg7 33. Ne3 Bc1 34. Ng4 Kh8
35. Qc6 Qg6 36. Rf6 Qd3 37. Rf3 Qg6 38. Rf6 Qd3 39. Rf3 Qg6 40. Rf6 1/2-1/2

[Event "Schachfestival Basel"]
[Site "Basel"]
[Date "2018.01.07"]
[Round "9.14"]
[White "Yakimenko, Alexander A"]
[Black "Aeschbach, Philipp"]
[Result "1/2-1/2"]
[WhiteElo "2146"]
[BlackElo "2304"]
[PlyCount "105"]
[EventDate "2018.01.??"]
[EventType "swiss"]
[EventRounds "9"]
[EventCountry "SUI"]
[SourceDate "2018.01.02"]

1. d4 Nf6 2. c4 g6 3. Nc3 Bg7 4. e4 d6 5. Be2 O-O 6. Nf3 e5 7. O-O Nc6 8. d5
Ne7 9. Ne1 Nd7 10. Nd3 f5 11. f3 Nf6 12. c5 c6 13. cxd6 Qxd6 14. Be3 b6 15.
Nxe5 Qxe5 16. f4 Qb8 17. d6 fxe4 18. dxe7 Re8 19. Bd4 Be6 20. Be5 Qb7 21. Qa4
Qxe7 22. Qxc6 Rac8 23. Qa4 Red8 24. Rad1 e3 25. Rxd8+ Rxd8 26. Rd1 Rd2 27. Rxd2
exd2 28. Qd4 Qd7 29. Qxd7 Bxd7 30. h3 Bc6 31. Kf2 Ne4+ 32. Nxe4 Bxe5 33. fxe5
Bxe4 34. Bd1 Kf7 35. Bb3+ Ke7 36. g3 Bd5 37. Ke2 Bxb3 38. axb3 Ke6 39. Kxd2
Kxe5 40. Kd3 g5 41. Ke3 a5 42. Kd3 b5 43. Ke3 h5 44. Kd3 Kd5 45. Ke3 Kc5 46.
Kd3 Kb4 47. Kc2 h4 48. g4 Kc5 49. Kc3 b4+ 50. Kc2 Kc6 51. Kd2 Kd6 52. Ke2 Ke6
53. Kd2 1/2-1/2

[Event "Schachfestival Basel"]
[Site "Basel"]
[Date "2018.01.07"]
[Round "9.15"]
[White "Fischer, Daniel"]
[Black "Simon, Ralf Axel"]
[Result "1-0"]
[WhiteElo "2123"]
[BlackElo "2146"]
[PlyCount "111"]
[EventDate "2018.01.??"]
[EventType "swiss"]
[EventRounds "9"]
[EventCountry "SUI"]
[SourceDate "2018.01.02"]

1. e4 c5 2. Nf3 d6 3. d4 cxd4 4. Nxd4 Nf6 5. Nc3 a6 6. Be3 e5 7. Nb3 Be6 8. h3
Be7 9. f4 Qc7 10. Qf3 Nbd7 11. g4 exf4 12. Bxf4 Ne5 13. Qg2 Ng6 14. Bg3 Nd7 15.
O-O-O h5 16. Nd4 hxg4 17. Nxe6 fxe6 18. hxg4 O-O-O 19. Rxh8 Rxh8 20. Kb1 Nde5
21. Be2 Bg5 22. Qf2 Bh4 23. Bxh4 Nxh4 24. Qd4 Rd8 25. Na4 Kb8 26. c4 Nc6 27.
Qd2 Ng6 28. Nc3 Qe7 29. Qe3 Nge5 30. Qb6 Qc7 31. Qe3 Na5 32. c5 dxc5 33. Rxd8+
Qxd8 34. Qxc5 Nac6 35. a3 Qe7 36. Qb6 Qd8 37. Qc5 g5 38. Ka2 Qe7 39. Qb6 Qd8
40. Qc5 Qe7 41. Qb6 Nd7 42. Qf2 Nce5 43. Qd4 Kc7 44. Qe3 Qf6 45. Qd4 Qf8 46.
Na4 Nc6 47. Qc4 Qd6 48. Qc2 Kb8 49. Nc3 Nd4 50. Qd2 Qe5 51. Bc4 Nf6 52. Qg2 Qf4
53. Qg1 e5 54. Nd5 Nxd5 55. Bxd5 Ka7 56. Qd1 1-0

[Event "Schachfestival Basel"]
[Site "Basel"]
[Date "2018.01.07"]
[Round "9.16"]
[White "Terraz, Christian"]
[Black "Biastoch, Bennet"]
[Result "1/2-1/2"]
[WhiteElo "2075"]
[BlackElo "2234"]
[PlyCount "126"]
[EventDate "2018.01.??"]
[EventType "swiss"]
[EventRounds "9"]
[EventCountry "SUI"]
[SourceDate "2018.01.02"]

1. d4 d5 2. Nf3 Nf6 3. e3 Bf5 4. c4 c6 5. Nc3 e6 6. Qb3 Qb6 7. c5 Qc7 8. Nh4
Bg4 9. h3 Bh5 10. g4 Bg6 11. Nxg6 hxg6 12. Bg2 Nbd7 13. Bd2 e5 14. g5 exd4 15.
exd4 Nh5 16. O-O-O O-O-O 17. Ne2 Be7 18. Bf3 Rde8 19. Kb1 Bd8 20. h4 Nf8 21.
Bg4+ Ne6 22. f4 f5 23. gxf6 gxf6 24. f5 gxf5 25. Bxf5 Nhg7 26. Bg6 Re7 27. Qf3
Nf8 28. Bd3 Nh5 29. Bf5+ Ne6 30. Nf4 Nhxf4 31. Bxf4 Qd7 32. Bd6 Ree8 33. Qh3
Rh5 34. Rhe1 Rxf5 35. Qxf5 Ng7 36. Qg6 Rh8 37. Be7 Qf5+ 38. Qxf5+ Nxf5 39. Bxd8
Kxd8 40. Rh1 Rh5 41. Rd3 Rxh4 42. Rxh4 Nxh4 43. Ra3 a6 44. Rh3 Nf5 45. Rh8+ Kd7
46. Rh7+ Kc8 47. Rf7 Nxd4 48. Rxf6 Kd7 49. Rf7+ Kc8 50. Re7 Nf5 51. Re5 Nd4 52.
Re7 Nf5 53. Rh7 Nd4 54. b4 a5 55. a3 axb4 56. axb4 Ne6 57. Kb2 Nc7 58. Rh8+ Kd7
59. Rb8 Nb5 60. Rxb7+ Ke6 61. Rxb5 cxb5 62. Kc3 Ke5 63. Kd3 d4 1/2-1/2

[Event "Schachfestival Basel"]
[Site "Basel"]
[Date "2018.01.07"]
[Round "9.18"]
[White "Faraone, Ettore"]
[Black "Ananya, Rishi Gupta"]
[Result "1/2-1/2"]
[WhiteElo "2079"]
[BlackElo "1945"]
[PlyCount "46"]
[EventDate "2018.01.??"]
[EventType "swiss"]
[EventRounds "9"]
[EventCountry "SUI"]
[SourceDate "2018.01.02"]

1. e4 e5 2. Nf3 Nc6 3. d4 exd4 4. Bc4 Nf6 5. O-O Bc5 6. e5 d5 7. exf6 dxc4 8.
Re1+ Be6 9. Ng5 Qd5 10. Nc3 Qf5 11. Nce4 O-O-O 12. Nxc5 Qxc5 13. Rxe6 fxe6 14.
Nxe6 Qf5 15. Nxd8 Rxd8 16. fxg7 Qg6 17. h3 Qxg7 18. Qg4+ Qxg4 19. hxg4 Ne5 20.
g5 d3 21. f4 Nf7 22. cxd3 cxd3 23. Bd2 Nd6 1/2-1/2

[Event "Schachfestival Basel"]
[Site "Basel"]
[Date "2018.01.07"]
[Round "9.19"]
[White "Haenggi, Markus"]
[Black "Petermann, Michail"]
[Result "0-1"]
[WhiteElo "2065"]
[BlackElo "2251"]
[PlyCount "82"]
[EventDate "2018.01.??"]
[EventType "swiss"]
[EventRounds "9"]
[EventCountry "SUI"]
[SourceDate "2018.01.02"]

1. e4 c5 2. Nc3 Nc6 3. Bb5 g6 4. Bxc6 dxc6 5. d3 Bg7 6. f4 c4 7. dxc4 Bxc3+ 8.
bxc3 Qxd1+ 9. Kxd1 Be6 10. Be3 Bxc4 11. Bd4 Nf6 12. Nf3 b6 13. Re1 O-O-O 14.
Kc1 c5 15. Bxf6 exf6 16. Kb2 Rhe8 17. Re3 Rd7 18. Rae1 Kc7 19. g4 Ba6 20. h4
Rde7 21. g5 f5 22. Ne5 fxe4 23. Rxe4 Bc8 24. R4e3 Re6 25. Ng4 Rd8 26. Nf6 h5
27. gxh6 Rxf6 28. Re8 Rxf4 29. h7 Rxh4 30. R1e7+ Bd7 31. Rxd8 Kxd8 32. Rxf7 Kc7
33. Rg7 g5 34. Kc1 Rh2 35. Kd1 g4 36. Ke1 Kd6 37. Kd1 Bf5 38. Rxa7 Bxc2+ 39.
Kc1 Rxh7 40. Ra6 Be4 41. Rxb6+ Bc6 0-1

[Event "Schachfestival Basel"]
[Site "Basel"]
[Date "2018.01.07"]
[Round "9.21"]
[White "Weber, Dominik"]
[Black "Faldum, Manfred"]
[Result "1-0"]
[WhiteElo "2043"]
[BlackElo "2065"]
[PlyCount "85"]
[EventDate "2018.01.??"]
[EventType "swiss"]
[EventRounds "9"]
[EventCountry "SUI"]
[SourceDate "2018.01.02"]

1. d4 Nf6 2. Nf3 g6 3. c4 Bg7 4. Nc3 O-O 5. g3 d6 6. Bg2 Nc6 7. O-O a6 8. b3
Rb8 9. e3 Bf5 10. Nh4 Bd7 11. f4 Na5 12. Bd2 c5 13. dxc5 dxc5 14. Qe1 Nc6 15.
Rd1 Bg4 16. Nf3 e6 17. h3 Bxf3 18. Bxf3 Qc7 19. Na4 b6 20. Bc3 Rfd8 21. Qe2 Rd7
22. Qg2 Rxd1 23. Rxd1 Rd8 24. Rxd8+ Nxd8 25. Be5 Qa7 26. Qd2 Nd7 27. Bxg7 Kxg7
28. Nxb6 Qxb6 29. Qxd7 Kg8 30. g4 Qa5 31. Qd1 Qc7 32. Kg2 Nc6 33. Qd2 Ne7 34.
b4 cxb4 35. Qxb4 e5 36. c5 exf4 37. exf4 Qd7 38. Kg3 h5 39. Qb8+ Kh7 40. Qd6
Qa7 41. Be4 Nc8 42. Qf8 hxg4 43. Qxc8 1-0

[Event "Schachfestival Basel"]
[Site "Basel"]
[Date "2018.01.07"]
[Round "9.22"]
[White "Goldie, Thomas"]
[Black "Beck, Michael"]
[Result "0-1"]
[WhiteElo "2098"]
[BlackElo "2084"]
[PlyCount "86"]
[EventDate "2018.01.??"]
[EventType "swiss"]
[EventRounds "9"]
[EventCountry "SUI"]
[SourceDate "2018.01.02"]

1. e4 e6 2. d4 d5 3. Nc3 Bb4 4. e5 c5 5. Bd2 Ne7 6. Nb5 Bxd2+ 7. Qxd2 O-O 8. f4
cxd4 9. Nf3 Nbc6 10. Bd3 Qa5 11. Qxa5 Nxa5 12. Nfxd4 Bd7 13. Nd6 a6 14. c3 Nc8
15. Nxc8 Raxc8 16. O-O Nc6 17. Rae1 Nxd4 18. cxd4 Rc7 19. Rc1 Rfc8 20. Rxc7
Rxc7 21. Kf2 Bb5 22. Bxb5 axb5 23. Ke3 Rc2 24. Rf2 Rc1 25. Kd3 g6 26. Rc2 Rd1+
27. Kc3 b4+ 28. Kxb4 Rxd4+ 29. Kc5 Rxf4 30. b4 Re4 31. b5 f6 32. exf6 Kf7 33.
Rf2 Rc4+ 34. Kb6 d4 35. Kxb7 e5 36. a4 Rxa4 37. Kc6 d3 38. b6 e4 39. b7 Rb4 40.
Rf4 d2 41. Rxe4 Rxe4 42. b8=Q d1=Q 43. Qb7+ Kxf6 0-1

[Event "Schachfestival Basel"]
[Site "Basel"]
[Date "2018.01.07"]
[Round "9.23"]
[White "Nyffenegger, Michael"]
[Black "Wirz, Heinz"]
[Result "0-1"]
[WhiteElo "2035"]
[BlackElo "2103"]
[PlyCount "91"]
[EventDate "2018.01.??"]
[EventType "swiss"]
[EventRounds "9"]
[EventCountry "SUI"]
[SourceDate "2018.01.02"]

1. d4 Nf6 2. c4 d6 3. Nf3 g6 4. g3 Bg7 5. Bg2 O-O 6. Nc3 Nbd7 7. O-O e5 8. e4
Re8 9. Re1 c6 10. h3 exd4 11. Nxd4 Ne5 12. b3 Qa5 13. Bb2 a6 14. a4 c5 15. Nc2
Qb6 16. Ne3 Be6 17. Ncd5 Bxd5 18. cxd5 Ned7 19. Nc4 Qc7 20. a5 Rab8 21. Qd3 b5
22. axb6 Nxb6 23. Nxd6 Qxd6 24. e5 Qd8 25. exf6 Rxe1+ 26. Rxe1 Bxf6 27. Bc1 Bd4
28. Bf4 Qf6 29. Re2 Rd8 30. Bc7 Nxd5 31. Bxd8 Qxd8 32. Qe4 Nc7 33. Qe7 Qb8 34.
Bf3 Ne6 35. Kg2 Qxb3 36. Qd7 Qc4 37. Bg4 Nf8 38. Re8 Qc2 39. Be2 Qxe2 40. Rxe2
Nxd7 41. Re8+ Kg7 42. Ra8 Ne5 43. Rxa6 Nd3 44. f4 h5 45. Kf3 Nb4 46. g4 0-1

[Event "Schachfestival Basel"]
[Site "Basel"]
[Date "2018.01.07"]
[Round "9.24"]
[White "Zennaf, Karim"]
[Black "Jud, Marc"]
[Result "0-1"]
[WhiteElo "2013"]
[BlackElo "2022"]
[PlyCount "46"]
[EventDate "2018.01.??"]
[EventType "swiss"]
[EventRounds "9"]
[EventCountry "SUI"]
[SourceDate "2018.01.02"]

1. d4 Nf6 2. c4 g6 3. Nc3 d5 4. Nf3 Bg7 5. Qb3 dxc4 6. Qxc4 O-O 7. e4 c6 8. Qb3
e6 9. Be2 Qb6 10. Qxb6 axb6 11. O-O b5 12. e5 Nd5 13. Ne4 Na6 14. a3 Nac7 15.
Bg5 h6 16. Bd2 Kh7 17. h4 f6 18. exf6 Nxf6 19. Bd3 Ncd5 20. h5 Nxh5 21. Ne5
Nhf4 22. Bc2 Ne2+ 23. Kh1 Nxd4 0-1